Možnosti aplikácie produkčných funkcií na podnikovej úrovni

Bibliographic Details
Main Author: Füleová, Erika (Author)
Format: Article
Language:Slovak
PhysicalDescription:Tb. 5. Diagr. 1. Res. rus., angl., nem., lit. 7 zázn. v slov., češ., maď.
Subjects:

MARC

LEADER 00000nab a2200000 a 4500
001 vtls000251649
003 SK-MaSNL
005 20260304064109.0
008 250422c1985 xo 0 slo
015 |a SNBRB19rr/mm-uuuuu 
035 |a CL0261763 
035 |a urn:nbn:sk:snk-ab2gad 
035 |a (urnnbn)urn:nbn:sk:snk:ar-a02dz0 
035 |a (uuid)8fb37b8f-f2cd-4974-b554-5701f45da23c 
040 |a SNKBUCL  |b slo  |c SNKBUCL  |e AACR2 
041 0 |a slo 
044 |a xo  |c SK 
080 |a 330.356.7:519.866  |2 1981 
080 |a 519.866  |2 1981 
100 1 |a Füleová, Erika  |4 aut  |9 450413 
245 1 0 |a Možnosti aplikácie produkčných funkcií na podnikovej úrovni  |c Erika Füleová 
300 |b Tb. 5. Diagr. 1. Res. rus., angl., nem., lit. 7 zázn. v slov., češ., maď. 
650 0 7 |a produkčné funkcie  |2 SNKPH  |9 74645 
650 0 7 |a modely  |2 snkbucl  |9 295054 
655 7 |a články z novín a časopisov  |2 snkbucl  |9 267496 
773 0 |t Ekonomické rozhľady  |g Roč. 18, č. 1 (1985), s. 130-143 
850 |a Slovenská národná knižnica 
852 |a Slovenská národná knižnica 
954 |a odborná, vedecká literatúra pôvodná (slovenská)  |2 lita 
958 |a article27 
958 |a RK 
958 |a OND 
958 |a EUIPO 
992 |a RBX 
999 |c 2745121  |d 2747051